Fleuves aux noms différents selon les pays - Statistiques

Statistiques générales
  • Ce quiz a été pris 43 fois
  • Le résultat moyen est 8 sur 11
Statistiques - réponses
Nom dans un pays Pays traversés Réponse % Correct
Dunav Serbie Danube
100%
Rijn Pays bas Rhin
98%
गंगा Inde Gange
80%
Волга Russie Volga
78%
Zambezi Mozambique Zambèze
78%
Ebro Espagne Ebre
71%
النيل Soudan Nil
71%
Tevere Italie Tibre
71%
Lancang Jiang Chine Mékong
44%
Cháng Jiāng Chine Yangtsé
41%
Labe Tchéquie Elbe
34%
Aucun quiz correspondant
Distribution des résultats
% des personnes avec chaque résultat
Percentile par nombre de réponses
Votre historique - résultats
Vous n’avez pas pris ce quiz